Statistics for Frankfurt City Trivia

Click here to take the quiz!

General Stats

  • This quiz has been taken 320 times
    (230 since last reset)
  • The average score is 12 of 20

Answer Stats

ClueAnswer% Correct
Frankfurt is the main hub of this airlineLufthansa
87%
Frankfurt hosts the third-busiest _______ in EuropeAirport
85%
River on which Frankfurt is locatedMain
83%
The above is a major tributary of this riverRhine
83%
Type of food a Frankfurter is (most famously)Sausage
81%
Frankfurt is considered to be Europe's this type of "capital"{Financial} Capital
79%
Frankfurt is situated in this German stateHesse
67%
Most successful soccer team that is based in Frankfurt{Eintracht} Frankfurt
65%
Frankfurt was the original choice for the capital city of this
historical country, founded in 1949
West Germany
65%
Frankfurt-native who wrote "Faust"Johann Wolfgang
von Goethe
63%
Jewish banking family that rose from the Frankfurt ghetto to
become unimaginably wealthy
Rothschild
59%
What the ECB stands forEuropean Central Bank
57%
Other German state where another major Frankfurt is also locatedBrandenburg
52%
Sovereign state that annexed the "Free City of Frankfurt" in 1866Prussia
52%
Group of people who founded the cityThe Franks
50%
Name of the central business district of Frankfurt
(sounds like an NYC borough)
Main{hattan}
47%
French city Frankfurt was twinned with firstLyon
43%
Most populous city in Frankfurt metropolitan area, after Frankfurt itselfWiesbaden
40%
Medieval town hall located in central FrankfurtRömer
29%
Frankfurt is the only German city to be an _____ cityAlpha
9%

Score Distribution

Percentile by Number Answered

Percent of People with Each Score

Your Score History

You have not taken this quiz since the last reset